000 00497nam a22001577a 4500
999 _c9570
_d9570
003 GBCCL
005 20241126110714.0
008 230316b ||||| |||| 00| 0 eng d
040 _cGBC
082 _aARC CHI
_b2020
100 _aChinghatzo
_913954
245 _aExploring the understanding of holistic healing among Evangelical Baptist Convention (EBC) pastors and its impact on their pastoral care /
_cChinghatzo
260 _aBangalore :
_bSAIACS,
_c2020
300 _a123p. ;
942 _2ddc
_cTH